Statistics for Medical general knowlegde pertaining to adults.

Click here to take the quiz!

General Stats

  • This quiz has been taken 428 times
  • The average score is 8 of 20

Answer Stats

HintAnswer% Correct
How many cranial nerves are there?12
87%
How many teeth does an adult have?32
81%
How many ribs are there in the human body?24
73%
How many bones are there in the human body?206
72%
How many bones make up the wrist?8
66%
How many bones make up the toes on one foot?14
65%
How many bones make up the ankle?7
63%
3ball and socket
52%
How many single bones are there in the spine?26
50%
How many bones make up the hands excluding the wrist?19
47%
4hinge
44%
3long
38%
4short
32%
Name 5 types of bones: 1flat
24%
5saddle
16%
2irregular
15%
5sesamoid
7%
2plane
6%
Name 6 types of joints: 1pivotal
2%
6ellipsoid
1%

Score Distribution

Percentile by Number Answered

Percent of People with Each Score

Your Score History

You have not taken this quiz